| 000 | 00788cab a2200241 4500 | ||
|---|---|---|---|
| 001 | ABS44416 | ||
| 008 | 090401t1991 xxu||||| |||| 00| 0 eng d | ||
| 035 | _a(Sirsi) u46986 | ||
| 041 | _aeng | ||
| 100 | _aD'Arcy, J. | ||
| 245 | _aIndustry slams performance bonds for `belts and braces` approach | ||
| 260 | _c1991 | ||
| 350 | _a0 | ||
| 490 |
_aContract Journal _v358(5814) 28 March 1991, 7 (1) |
||
| 520 | _aDiscusses the implications of FASS `s model form of performance bond for the construction industry . | ||
| 650 | _aBONDS | ||
| 650 | _aBUILT ENVIRONMENT-BUILDING CONTRACT FORMS | ||
| 650 | _aFEDERATION OF ASSOCIATION OF SPECIALISTS AND SUBCONTRACTORS | ||
| 650 | _aNJCC | ||
| 690 | _aPROPERTY-PROPERTY FINANCE AND INVESTMENT | ||
| 942 | _n0 | ||
| 948 | _c04/03/1997 | ||
| 999 |
_c29635 _d29635 |
||